| 000 | 00417nam a2200169Ia 4500 | ||
|---|---|---|---|
| 100 | _aGrewal/Mohinder S | ||
| 650 | _aComputers | ||
| 250 | _a2 | ||
| 942 | _cRB | ||
| 366 | _f20 | ||
| 654 | _akalman filtering | ||
| 245 | _aKalman Filtering:Theory and practice Theory & Practice using matlab. | ||
| 260 |
_bWiley Interscience _aNew Delhi _c2001 |
||
| 082 |
_a003.5/GRE _bGRE |
||
| 300 | _a401 | ||
| 546 | _aENGLISH | ||
| 999 |
_c24979 _d24979 |
||